00153 a2200073 450000100060000010000160000624500320002226000250005437800 aHall D G E aA history of southeast asia aMalysiabMacmillanc